[Event "VAM Hoogeveen 3rd"]
[Site "Hoogeveen"]
[Date "1999.10.19"]
[Round "3"]
[White "Timman, Jan H"]
[Black "Karpov, Anatoly"]
[Result "1-0"]
[WhiteElo "2650"]
[BlackElo "2700"]
[Annotator "Ftacnik,Lubomir"]
[PlyCount "89"]
[EventDate "1999.10.15"]
[EventType "tourn"]
[EventRounds "6"]
[EventCountry "NED"]
[EventCategory "15"]
[SourceTitle "CBM 074"]
[Source "ChessBase"]
[SourceDate "2000.02.01"]
[SourceVersion "1"]
[SourceVersionDate "2000.02.01"]
[SourceQuality "1"]

1. d4 Nf6 2. c4 e6 3. Nc3 Bb4 4. Nf3 b6 5. Qb3 Qe7 6. a3 Bxc3+ 7. Qxc3 Bb7 8. e3 O-O 9. Be2 d6 10. O-O Nbd7 11. b4 c5 12. Bb2 a5 {There are several defensive plans for black, Karpov opts for the elimination of white's control on the queenside.} (12... Rac8 13. dxc5 dxc5 14. b5 Rfd8 15. a4 Ne8 16. a5 Ra8 17. a6 Be4 18. Nd2 Bg6 19. Bf3 Rac8 {½-½ Becker,A-Pitschak,R/Bad Liebenwerda/1934/ (60)}) (12... Ne4 13. Qc2 (13. Qb3 Rac8 (13... Ndf6 14. Rad1 d5 15. dxc5 bxc5 16. b5 Rfd8 17. Ne5 Qc7 18. f3 Nd6 19. Rfe1 Nf5 20. Bd3 {½-½ Gritsak,O-Rozentalis,E/Koszalin/1998/ (38)}) 14. Rad1 Rc7 15. Nd2 Nxd2 16. Rxd2 Qg5 17. f3 d5 18. cxd5 Bxd5 19. Qd3 cxb4 20. axb4 Bc4 21. Qa3 b5 {0-1 Toefferl,H-Palac,M/Portoroz/1996/ (42)}) 13... f5 (13... Rac8 14. dxc5 dxc5 15. b5 h6 16. Rfd1 Rfd8 17. a4 Ng5 18. Qc3 Nxf3+ 19. Bxf3 Nf6 20. Bxb7 Qxb7 {½-½ Cebalo,M-Hohler,P/Saint Vincent 1998/ (30)}) 14. dxc5 (14. Bd3 Ndf6 15. Nd2 cxd4 16. exd4 Rae8 17. f3 Nxd2 18. Qxd2 Nh5 19. Rfe1 Qh4 20. Bf1 Rf6 {Stefansson,H-Zarnicki,P/WchJM U20/1992/ (35)}) 14... bxc5 15. b5 Ndf6 16. Nd2 Rad8 17. f3 Ng5 18. Rfd1 e5 19. h4 Ne6 20. Qxf5 {1-0 Shamkovich,L-Kholmov,R/Baku/1972/ (59)}) (12... Rfd8 13. Rad1 (13. Rfd1 Rac8 14. Qb3 Be4 15. Nd2 Ba8 16. dxc5 dxc5 17. b5 Ne4 18. Nxe4 Bxe4 19. a4 f6 20. a5 Nf8 21. f3 Bg6 {½-½ Gurevich,M-Rozentalis,E/Belfort/1997/ (46)}) 13... Nf8 14. bxc5 bxc5 15. dxc5 dxc5 16. Qa5 Be4 17. Ne5 Rxd1 18. Rxd1 Qb7 19. Qb5 Bxg2 20. f3 Qc7 {½-½ Witke,T-Mehler,G/BL2-S 1988/BL2}) (12... Rfe8 13. Nd2 Rac8 14. dxc5 dxc5 15. b5 e5 16. f3 Nf8 17. a4 Rcd8 18. Rfd1 Ng6 19. a5 Rd6 20. axb6 axb6 21. Nf1 Rxd1 22. Bxd1 e4 23. f4 {1-0 Burmakin,V-Zayac,E/St. Petersburg/1998/ (34)}) 13. Rfd1 axb4 14. axb4 Rfb8 (14... Rxa1 15. Bxa1 Ne4 16. Qb3 $14) 15. Nd2 $146 ({RR} 15. dxc5 bxc5 16. b5 e5 17. Nd2 Nb6 18. Qc2 g6 19. e4 Re8 20. Bf3 h6 21. Bc3 Qc7 22. Ba5 Ra7 23. Nb3 Rea8 24. h3 Kh7 25. Qd3 Rd8 26. Bc3 Rxa1 27. Bxa1 Na4 28. Bxe5 Bxe4 29. Bxe4 Nxe4 {Sevdimaliyev,U (2377)-Kurilin,A (2294) Tula 2014 1-0 (41)}) 15... Qd8 (15... Ne4 $2 16. Nxe4 Bxe4 17. dxc5 Qg5 18. f3 $18) 16. f3 Rxa1 17. Bxa1 Ra8 18. Bd3 Qc7 (18... cxd4 19. exd4 (19. Qxd4 Qc7 $11) 19... b5 $5 20. cxb5 Nd5 21. Qb3 Qg5 22. Ne4 Qe3+ 23. Kh1 Nxb4 24. Bc4 (24. Nf6+ Kh8 25. Ng4 Qf4 26. Qxb4 Bxf3 27. Rf1 Bxg2+ 28. Kxg2 Qxg4+ 29. Kh1 Ne5 $1 $19) 24... Qxb3 25. Bxb3 $14) 19. Bc2 Rc8 $6 (19... e5 20. Bb2 $15) (19... cxd4 20. exd4 b5 21. c5 $14) 20. dxc5 dxc5 21. b5 $1 {The pawn structure is now clearly favourable for white. His bishops enjoy open diagonals, but black knights have no good squares.} Ne8 (21... e5 22. Bf5 $14) 22. Ne4 f6 23. Qd3 $1 Bxe4 (23... Nf8 24. Nd6 $1 Nxd6 (24... Rd8 25. Nxe8 Rxe8 26. Qd6 $16) 25. Qxd6 Qxd6 26. Rxd6 Ra8 27. Bc3 Ra2 (27... Ra3 28. Be1 Ra2 29. Bd3 Ra3 30. Bf1 $18) 28. Bd3 Bc8 29. Bf1 Ra3 30. Be1 $16) 24. Qxe4 Nf8 25. Qd3 Kf7 (25... Ra8 26. Bb2 Ra2 27. Ba3 Qa7 28. Bc1 $16) 26. Bc3 Ke7 (26... Ra8 27. Be1 $1 $16) 27. Ra1 Rd8 28. Qe2 Nd6 (28... e5 29. f4 $1 $16) 29. f4 Kf7 30. e4 Nc8 (30... Ng6 31. e5 $16) 31. e5 $1 {Timman needs to open up the position to prove the dominant character of bishop's pair over two knights.} f5 (31... Ne7 32. Qh5+ Neg6 33. exf6 gxf6 34. Rf1 $16) 32. Qf3 Ne7 33. h3 Kg8 34. Kh2 (34. g4 $6 Nfg6 35. Qg3 Rf8 $14) 34... Nfg6 35. g3 Kf7 36. h4 $1 Kg8 37. h5 Nh8 (37... Nf8 38. g4 $16) 38. g4 Rf8 (38... fxg4 39. Qxg4 Qc8 40. Ra7 Re8 41. h6 Nhg6 42. Ra8 $1 Qxa8 (42... Qd7 43. Qd1 Nd5 44. Rxe8+ Qxe8 45. cxd5 $18) 43. Qxe6+ Kh8 44. hxg7+ Kxg7 45. Qf6+ Kg8 46. e6 $18) 39. gxf5 Nxf5 (39... exf5 40. e6 $16) 40. Bxf5 Rxf5 (40... exf5 41. e6 Qe7 42. Qg2 $1 $18) 41. Ra8+ {The location of the black knight on h8 is quite symbolic.} Rf8 (41... Kf7 42. Rxh8 $18) 42. Rxf8+ Kxf8 43. Qa8+ Kf7 44. Qxh8 Qb7 45. h6 $1 (45. h6 $1 Qf3 46. Qxg7+ Ke8 47. Qg8+ Ke7 48. Qxh7+ Kd8 49. Qg8+ Kd7 50. Qg3 $18) 1-0

[Event "Amsterdam"]
[Site "Amsterdam"]
[Date "1976.05.19"]
[Round "5"]
[White "Timman, Jan H"]
[Black "Karpov, Anatoly"]
[Result "1/2-1/2"]
[WhiteElo "2550"]
[BlackElo "2695"]
[PlyCount "89"]
[EventDate "1976.05.14"]
[EventType "tourn"]
[EventRounds "6"]
[EventCountry "NED"]
[EventCategory "14"]
[SourceTitle "MCD"]
[Source "ChessBase"]
[SourceDate "1999.07.01"]
[SourceVersion "1"]
[SourceVersionDate "1999.07.01"]
[SourceQuality "1"]

1. d4 Nf6 2. c4 e6 3. Nc3 Bb4 4. Bg5 c5 5. d5 d6 6. e3 exd5 7. cxd5 Nbd7 8. Bd3 Qa5 9. Nge2 Nxd5 10. O-O Bxc3 11. bxc3 c4 12. Bf5 ({RR} 12. Be4 N5f6 13. Bxf6 Nxf6 14. Bf3 d5 15. Qd4 O-O 16. g4 Be6 17. Rfb1 b6 18. a4 Rad8 19. g5 Ne4 20. h4 Qc5 21. Bxe4 dxe4 22. Qxc5 bxc5 23. Nf4 Rb8 24. Rb5 Rbc8 25. Rd1 Rc7 26. Rd6 Re8 {Ovetchkin,R (2501)-Lysyj,I (2632) St Petersburg 2012 1-0 (59)}) ({RR} 12. Bxc4 N5b6 13. Bxf7+ Kxf7 14. Bf4 d5 15. Nd4 Nf6 16. Be5 Nbd7 17. f4 Re8 18. Qd3 Kg8 19. Nf3 Nxe5 20. Nxe5 Be6 21. Rab1 b6 22. h3 Rac8 23. Rbc1 Rc5 24. g4 Rec8 25. g5 Rxc3 26. Rxc3 Qxc3 {Bach,M (2207)-Kleiman,J (2399) chess.com INT 2023 0-1 (41)}) 12... f6 $146 ({RR} 12... N7f6 13. Bxc8 Rxc8 14. Bxf6 Nxf6 15. Qxd6 Qc5 16. Qf4 O-O 17. Rad1 Qc7 18. Qf5 Qc5 19. Qf4 Qc7 20. Qf5 Qc5 21. Qf4 {½-½ (21) Mikenda,W-Jelen,I (2435) Luxembourg 1981}) ({RR} 12... N7f6 13. Bxc8 Rxc8 14. Bxf6 Nxf6 15. Qxd6 Qc5 16. Qxc5 Rxc5 17. f3 Ke7 18. e4 Rhc8 19. Nd4 g6 20. Rfb1 Rb8 21. a4 Nd7 22. Kf2 a5 23. Ra2 Rc7 24. Nc2 Nc5 25. Ne3 Kf8 26. Nd5 Rc6 27. g4 {Hartston,W (2430)-King,D (2435) Edinburgh 1985 ½-½ (37)}) 13. Nd4 Ne7 14. Bxd7+ Bxd7 15. Bf4 O-O 16. Bxd6 Rfe8 17. Rb1 b6 18. Bxe7 Rxe7 19. Nb5 Rc8 20. Nd6 Rc7 21. Rb4 Be6 22. Qf3 Qd5 23. Qxd5 Bxd5 24. Rd1 Be6 25. Rd4 Red7 26. f3 Kf8 27. Nb5 Rc5 28. a4 a6 29. Na3 Rxd4 30. exd4 Rc6 31. Nc2 a5 32. Rb2 Ke7 33. d5 Bxd5 34. Nd4 Rc5 35. Rxb6 h5 36. Kf2 Kd7 37. h4 Kc7 38. Re6 Kd7 39. Rb6 Kc7 40. Re6 Kd7 41. Ra6 Bb7 42. Rb6 Kc7 43. Re6 Kd7 44. Rb6 Kc7 45. Re6 1/2-1/2

[Event "FIDE-Wch"]
[Site "NED/INA"]
[Date "1993.??.??"]
[Round "21"]
[White "Timman, Jan H"]
[Black "Karpov, Anatoly"]
[Result "1/2-1/2"]
[WhiteElo "2620"]
[BlackElo "2760"]
[Annotator "Ftacnik,Lubomir"]
[PlyCount "37"]
[EventDate "1993.09.??"]
[EventType "match"]
[EventRounds "21"]
[EventCountry "NED"]
[SourceTitle "CBM 036"]
[Source "ChessBase"]
[SourceDate "1993.10.01"]
[SourceVersion "1"]
[SourceVersionDate "1993.10.01"]
[SourceQuality "1"]

1. d4 Nf6 2. c4 e6 3. Nc3 Bb4 4. Qc2 O-O 5. a3 Bxc3+ 6. Qxc3 b6 7. Nf3 Bb7 8. e3 d6 9. b3 Nbd7 10. Bb2 Qe7 (10... Ne4 11. Qc2 f5 12. Bd3 Qe7 (12... Ndf6 13. O-O Qe7 14. Nd2 Nxd2 15. Qxd2 Ne4 $6 16. Qe2 c5 17. f3 Nf6 18. b4 Rac8 19. Rab1 Rc7 20. Rfd1 $14 {Bareev,E-Karpov,An/Linares/1993/0.5 (43)}) (12... Qe8 13. O-O Qh5 14. d5 $5 exd5 15. Nd4 Ne5 16. Be2 Qg6 17. f3 Nc5 18. cxd5 Bxd5 19. Rad1 $44 {Bareev,E-Timman,J/Tilburg/1991/0-1 (59)}) (12... Ng5 13. d5 Nc5 14. b4 Nxd3+ 15. Qxd3 e5 16. Nd2 f4 17. exf4 Rxf4 18. h4 Nf7 19. g3 Rf6 20. Ne4 Rf5 21. Bc1 Qd7 22. g4 Rf4 23. Bxf4 exf4 24. Ng5 {Ree,H-Douven,R/Amsterdam OHRA-B/1989/1-0 (25)}) 13. O-O Ng5 14. Nxg5 Qxg5 15. f4 Qg6 16. d5 exd5 17. Rf3 Rf7 18. Rg3 Qe6 19. cxd5 Bxd5 20. Qxc7 Nf6 21. Qc3 Rc8 22. Qd4 Bxb3 23. a4 Bc4 24. Rc1 $14 {Vidarte_Morales,A-Solozhenkin,E/L'Hospitalet op (8)/1993/0-1 (40)}) (10... a6 11. Be2 Ne4 12. Qc2 f5 13. O-O Ng5 14. Ne1 f4 $13 {Hulak,K-Van der Wiel,J/Wijk aan Zee/1983/}) 11. Be2 c5 (11... Ne4 12. Qc2 f5 13. O-O Rae8 14. Ne1 Qh4 15. d5 Ndf6 16. Rd1 Qh6 17. Bxf6 Qxf6 18. Bf3 Ng5 19. Bh5 Re7 20. f4 Ne4 21. Bf3 exd5 22. cxd5 Ba6 23. Nd3 Qc3 24. Qxc3 $17 {Savon,V-Gurevich,V/URS-OT56 Uzhgorod/1988/0-1 (42)}) 12. O-O Rac8 13. Rad1 d5 $146 ({RR} 13... Rfd8 14. Rfe1 Nf8 15. d5 e5 16. Nd2 Ne8 17. f4 f6 18. Bg4 Rb8 19. a4 Bc8 20. Bxc8 Rdxc8 21. Ra1 Nd7 22. Ne4 Nc7 23. Qd2 Rf8 24. Ng3 g6 25. f5 g5 26. Ne4 a6 27. Bc3 Rfc8 28. Qe2 {Brito Garcia,A (2400)-Patriarca,L (2300) Asuncion 1992 1-0 (46)}) 14. dxc5 (14. cxd5 Nxd5 15. Qd2 Rfd8) 14... Nxc5 15. Qe5 Rfd8 (15... Ncd7 16. Qg3 Rfd8 17. cxd5 Bxd5 18. Nd4 $14) 16. Nd4 Qf8 (16... Nfd7 $2 17. Nf5 $1 Qf8 18. Nh6+ Kh8 19. Qh5 $16) (16... Ncd7 17. Qg3 Ne4 18. Nf5 $1) 17. f3 dxc4 18. Bxc4 Bd5 $1 19. Bxd5 (19. Bxd5 Rxd5 20. Qg3 Rcd8 $36) 1/2-1/2

[Event "FIDE-Wch"]
[Site "NED/INA"]
[Date "1993.??.??"]
[Round "15"]
[White "Timman, Jan H"]
[Black "Karpov, Anatoly"]
[Result "0-1"]
[WhiteElo "2620"]
[BlackElo "2760"]
[Annotator "Ftacnik,Lubomir"]
[PlyCount "68"]
[EventDate "1993.09.??"]
[EventType "match"]
[EventRounds "21"]
[EventCountry "NED"]
[SourceTitle "CBM 036"]
[Source "ChessBase"]
[SourceDate "1993.10.01"]
[SourceVersion "1"]
[SourceVersionDate "1993.10.01"]
[SourceQuality "1"]

1. d4 Nf6 2. c4 e6 3. Nc3 Bb4 4. Qc2 O-O 5. a3 Bxc3+ 6. Qxc3 b6 7. Bg5 c5 8. dxc5 bxc5 9. e3 Nc6 10. Nh3 $6 (10. Bd3 $2 Rb8 $2 (10... Qa5 $1 11. Qxa5 Nxa5 12. b4 Nc6 $140 13. b5 Ne5) 11. Nf3 h6 12. Bh4 d6 (12... Qa5 13. Qxa5 Nxa5 14. b4 $1) 13. O-O Qe7 14. Rfd1 $14 {Seirawan,Y-Hjartarson,J/Barcelona/1988/}) (10. Nf3 h6 11. Bh4 Qa5 12. Qxa5 Nxa5 13. b4 Nc6 14. b5 Na5 15. Bd3 Bb7 16. O-O Ne4 $10 {Peng Zhaoqin-Galiamova Ivanchuk,A/Azov iztw/1990/}) 10... h6 11. Bh4 $2 (11. Bxf6 Qxf6 12. Qxf6 gxf6 13. O-O-O (13. Nf4 d6) 13... Rd8 $1 14. Rd6 $6 Kf8 15. Be2 Ke7 16. Rhd1 $2 Nd4 $1) 11... g5 $1 12. Bg3 (12. Nxg5 hxg5 13. Bxg5 Ne4 14. Bxd8 Nxc3 15. Bc7 $132) 12... Ne4 13. Qc2 Qa5+ 14. Ke2 (14. Kd1 $5) (14. b4 $2 Nxb4 15. Qxe4 Nd5+ 16. Ke2 Nc3+ $19) 14... f5 $1 (14... d5 15. f3 Nxg3+ 16. hxg3 Ba6 $1 17. Nxg5 $1) 15. f3 Nxg3+ 16. hxg3 Rb8 $1 17. Nf2 $2 (17. Kf2 $5 Qb6 18. Rb1 Qb3 19. Qd2 $17) 17... Ba6 18. Nd3 $146 (18. Rxh6 Bxc4+ $1 19. Nd3 (19. Qxc4 Rxb2+) 19... Ne5 20. Kf2 Bxd3 21. Bxd3 Rxb2 $1 $19) ({RR} 18. Nd1 Rf6 19. Kf2 Ne5 20. Be2 d5 21. b3 d4 22. f4 Nf7 23. Kg1 Rd8 24. Ra2 Bb7 25. Kh2 Qc7 26. Rf1 dxe3 27. Nxe3 Rd4 28. Kg1 gxf4 29. gxf4 Rxf4 30. Qc3 Rd4 31. Bf3 Bxf3 32. gxf3 Rg6+ {Li,W (2330)-Christiansen,L (2555) Luzern 1993 0-1 (41)}) 18... d5 19. b3 (19. cxd5 Bxd3+ $1 (19... c4 20. Kf2 cxd3 21. Qxc6 Qd2+ $17) 20. Kxd3 (20. Qxd3 Rxb2+ 21. Kd1 c4) 20... Nb4+ 21. axb4 Qxa1 22. dxe6 Qe1 $1 23. e7 Rfd8+ 24. exd8=Q+ Rxd8+ 25. Kc4 Qxb4#) 19... Rxb3 $5 20. Qxb3 dxc4 21. Qa2 $2 (21. Qb2 $1 cxd3+ 22. Kf2 Kh7 $1 (22... c4 23. Rxh6 c3 24. Qb3 Nd8 25. Rxe6 $1) (22... Rb8 23. Qf6 Qd2+ 24. Kg1 Qxe3+ 25. Kh2 $132) 23. Bxd3 $1 (23. Rc1 $5 e5 (23... Rb8 24. Rxh6+ $1) 24. Qc3) 23... Bxd3 24. Qb7+ Kg6 25. Qxc6 Qd2+ 26. Kg1 Qxe3+ 27. Kh2 $13) 21... cxd3+ 22. Kf2 Rf6 $1 23. Rc1 Kg7 (23... c4 24. Bxd3 (24. Rxc4 Bxc4 25. Qxc4 Qd2+ $19) 24... Nb4 $19) 24. f4 c4 25. Qb2 (25. Bxd3 $2 Nb4) 25... e5 26. fxg5 hxg5 27. Rc3 Qb6 $1 28. Qxb6 axb6 29. Rh5 Ne7 $1 (29... e4 30. Rxg5+ Kh6 31. Rg8 Ne5 32. Ke1 Ng4 33. Kd2 Rg6 34. Ra8 b5 $17) 30. Bxd3 (30. Rxg5+ Kh6) 30... cxd3 31. Rc7 Re6 32. Ke1 Bb5 33. g4 Kg6 34. Rh8 f4 0-1

[Event "Corus"]
[Site "Wijk aan Zee"]
[Date "2003.01.19"]
[Round "7"]
[White "Topalov, Veselin"]
[Black "Karpov, Anatoly"]
[Result "1/2-1/2"]
[WhiteElo "2743"]
[BlackElo "2688"]
[PlyCount "138"]
[EventDate "2003.01.11"]
[EventType "tourn"]
[EventRounds "13"]
[EventCountry "NED"]
[EventCategory "18"]
[SourceTitle "CBM 093"]
[Source "ChessBase"]
[SourceDate "2003.04.01"]
[SourceVersion "1"]
[SourceVersionDate "2003.04.01"]
[SourceQuality "1"]

1. d4 Nf6 2. c4 e6 3. Nc3 Bb4 4. Nf3 c5 5. g3 O-O 6. Bg2 cxd4 7. Nxd4 d5 8. cxd5 Nxd5 9. Qb3 Qb6 10. Bxd5 exd5 11. Be3 Qa5 12. Rc1 Nc6 13. a3 Bxc3+ 14. Qxc3 Qa6 $146 ({RR} 14... Qxc3+ 15. Rxc3 Nxd4 16. Bxd4 Bd7 17. Kd2 a6 18. Rc5 Rfc8 19. Rhc1 Rxc5 20. Rxc5 Bc6 21. g4 f6 22. Rc3 Re8 23. Rg3 Re4 24. e3 Kf7 25. Kc3 Bd7 26. f3 Re8 27. b3 Rc8+ 28. Kb2 Bb5 29. Rg2 {Nielsen,P (2530)-Fossan,E (2360) Gausdal 1996 ½-½ (42)}) ({RR} 14... Qxc3+ 15. Rxc3 Nxd4 16. Bxd4 Bd7 17. Kd2 a6 18. Rc7 Bc6 19. Rc1 Rfc8 20. Re7 Re8 21. Rxe8+ Rxe8 22. f3 f6 23. e3 Kf7 24. Kc3 Rc8 25. Kb4 Bd7 26. Rxc8 Bxc8 27. Kc5 Bd7 28. Kd6 Bb5 29. f4 {Moiseenko,A (2659)-Martirosyan,H (2586) Batumi 2018 ½-½ (43)}) 15. Nxc6 Qxc6 16. Qxc6 bxc6 17. Kd2 Bd7 18. Rc3 Rfb8 19. b3 f6 20. Rd1 Rb7 21. Kc2 a6 22. Bc5 Re8 23. e3 Bg4 24. Rd4 Re4 25. Rd2 Kf7 26. Bd4 Re6 27. a4 Rb8 28. Rc5 Ke7 29. Ra5 Ra8 30. Kb2 Kd7 31. Ka3 Ree8 32. Rc5 Rab8 33. Rdc2 Rec8 34. Rc1 h5 35. Ra5 Ra8 36. Rc2 Re8 37. h4 Bf3 38. Rac5 Rec8 39. Rd2 Kd6 40. Kb4 Rcb8+ 41. Kc3 Rc8 42. b4 Kd7 43. Ra5 Re8 44. Kb2 Kc7 45. Rc5 Kd7 46. Bc3 Kd6 47. Ra5 Kc7 48. Kc1 Re4 49. Bd4 Ree8 50. Rc5 Kd7 51. Rdc2 Rec8 52. Kd2 Rab8 53. Bc3 Re8 54. Ke1 Ra8 55. Ra5 Kd6 56. Rd2 Kc7 57. Rd3 Re4 58. Bd4 Ree8 59. Kd2 Bg4 60. Rc5 Kd7 61. Rdc3 Rec8 62. Ra5 Bf3 63. Bb6 Rcb8 64. Bc5 Re8 65. Rd3 Kc7 66. Bd4 Kd7 67. Bc3 Kc7 68. Bb2 Re4 69. Bd4 Ree8 1/2-1/2

[Event "London Phillips&Drew"]
[Site "London"]
[Date "1984.05.08"]
[Round "11"]
[White "Torre, Eugenio"]
[Black "Karpov, Anatoly"]
[Result "1-0"]
[WhiteElo "2565"]
[BlackElo "2700"]
[PlyCount "90"]
[EventDate "1984.04.26"]
[EventType "tourn"]
[EventRounds "13"]
[EventCountry "ENG"]
[EventCategory "14"]
[SourceTitle "MCL"]
[Source "ChessBase"]
[SourceDate "1999.07.01"]
[SourceVersion "1"]
[SourceVersionDate "1999.07.01"]
[SourceQuality "1"]

1. d4 Nf6 2. c4 e6 3. Nc3 Bb4 4. e3 c5 5. Nge2 cxd4 6. exd4 O-O 7. a3 Be7 8. d5 exd5 9. cxd5 Bc5 10. b4 Bb6 11. Na4 d6 12. Nxb6 axb6 13. Ng3 Re8+ 14. Be2 Re5 15. Bb2 Rxd5 16. Qc1 Nc6 17. O-O Ne5 18. Qe3 $146 ({RR} 18. f4 Nd3 19. Bxf6 Nxc1 20. Bxd8 Nxe2+ 21. Nxe2 Bg4 22. Nc3 Rd3 23. Ne4 Rxd8 24. Nf2 Be2 25. Nxd3 Bxd3 26. Rfe1 d5 27. Re7 g6 28. Rae1 Kg7 29. Rxb7 d4 30. Ree7 Bc4 {1-0 (30) Sturua,Z (2450)-Bagaturov,G (2280) Tbilisi 1984}) 18... Be6 19. h3 b5 20. Rac1 Bd7 21. Rfe1 Rc8 22. Rxc8 Qxc8 23. f4 Ng6 24. Bxf6 gxf6 25. Bf3 Qc4 26. Bxd5 Qxd5 27. Ne4 Kg7 28. Nxf6 Kxf6 29. Qc3+ Ne5 30. fxe5+ dxe5 31. Rf1+ Ke6 32. Qc2 e4 33. Qc3 f5 34. Qg7 Qd2 35. Qxh7 Qe3+ 36. Kh2 Qg5 37. h4 Qg4 38. Qh6+ Ke5 39. Qg5 Qxg5 40. hxg5 e3 41. g6 Kf6 42. Kg3 Be6 43. Kf4 e2 44. Re1 Bc4 45. g7 Kxg7 1-0

[Event "Cap d'Agde Karpov m 6th"]
[Site "Cap d'Agde"]
[Date "2017.10.29"]
[Round "1"]
[White "Vaisser, Anatoli"]
[Black "Karpov, Anatoly"]
[Result "1-0"]
[WhiteElo "2506"]
[BlackElo "2626"]
[PlyCount "46"]
[EventDate "2017.10.29"]
[EventType "match"]
[EventRounds "2"]
[EventCountry "FRA"]
[SourceTitle "CBM 181 Extra"]
[Source "ChessBase"]
[SourceDate "2017.12.12"]
[SourceVersion "1"]
[SourceVersionDate "2017.12.12"]
[SourceQuality "1"]

1. d4 Nf6 2. c4 e6 3. Nc3 Bb4 4. e3 c5 5. Bd3 d5 6. cxd5 Nxd5 7. Nge2 cxd4 8. exd4 Nc6 9. O-O O-O 10. Nxd5 exd5 11. Nf4 Bd6 12. Re1 Qf6 13. Nxd5 Qxd4 14. Be3 Qg4 15. h3 Qxd1 16. Raxd1 Be6 17. Be4 Rfd8 $146 ({RR} 17... Rad8 18. f4 Rfe8 19. Kf2 f5 20. Bf3 Kf7 21. a3 Rd7 22. g4 Red8 23. b4 Bb8 24. Nc3 Rxd1 25. Rxd1 Rxd1 26. Bxd1 g6 27. Bf3 Bc4 28. Na4 Nd8 29. gxf5 gxf5 30. Nc5 b6 31. Nd7 Ke7 32. Nxb8 {Vaisser,A (2502)-Karpov,A (2623) Platja d'Aro 2018 1-0 (32)}) ({RR} 17... Rad8 18. a3 Bb8 19. f4 Rfe8 20. Kf2 Bxh3 21. Bxh7+ Kxh7 22. Rh1 f5 23. Rxh3+ Kg6 24. Rhh1 Kf7 25. Kf3 {½-½ (25) Le,Q (2712)-Wei,Y (2725) Ho Chi Minh City 2017}) 18. a3 h6 19. f4 f5 20. Bf3 Kf7 21. b4 g6 22. Rd2 Rac8 23. Red1 Bb8 1-0

[Event "Reggio Emilia-A 8990 32nd"]
[Site "Reggio Emilia"]
[Date "1989.??.??"]
[Round "1"]
[White "Karpov, Anatoly"]
[Black "Andersson, Ulf"]
[Result "1/2-1/2"]
[WhiteElo "2750"]
[BlackElo "2620"]
[PlyCount "123"]
[EventDate "1989.12.??"]
[EventType "tourn"]
[EventRounds "10"]
[EventCountry "ITA"]
[EventCategory "15"]
[SourceTitle "EXT 1997"]
[Source "ChessBase"]
[SourceDate "1996.11.15"]
[SourceVersion "1"]
[SourceVersionDate "1996.11.15"]
[SourceQuality "1"]

1. d4 Nf6 2. c4 e6 3. Nc3 Bb4 4. Qc2 O-O 5. a3 Bxc3+ 6. Qxc3 b6 7. Bg5 Bb7 8. f3 d6 9. e4 c5 10. dxc5 bxc5 11. Rd1 ({RR} 11. O-O-O Nc6 12. Bxf6 gxf6 13. Ne2 e5 14. Qd2 Nd4 15. Qh6 Kh8 16. Nxd4 cxd4 17. Bd3 Qe7 18. g4 a5 19. Rhg1 Rg8 20. Rg3 Rg6 21. Qd2 a4 22. Kb1 Bc6 23. f4 Rag8 24. Rdg1 exf4 25. Qxf4 Qe5 {Kramnik,V (2788)-Ponomariov,R (2718) Moscow 2008 ½-½ (35)}) 11... Nc6 ({RR} 11... e5 12. b4 h6 13. Be3 Qe7 14. Qd2 Nc6 15. Qxd6 Qxd6 16. Rxd6 cxb4 17. axb4 Nxb4 18. Bc5 Na6 19. Ba3 Rfc8 20. Nh3 Nc5 21. Be2 Rab8 22. O-O Ba8 23. Rfd1 Ne6 24. Bc1 Nd4 25. Bf1 Rb1 26. Nf2 {Jian,A (2031)-Adewumi,T (2362) chess.com INT 2025 0-1 (33)}) 12. Nh3 $146 ({RR} 12. Bxf6 gxf6 13. Bd3 Qa5 14. Ne2 Qxc3+ 15. Nxc3 Rfd8 16. O-O Kf8 17. Rb1 a5 18. f4 Ke7 19. Rfe1 Nd4 20. Nb5 Nb3 21. Re3 a4 22. Rh3 Bc6 23. Nc3 Rab8 24. Rxh7 Nd2 25. Re1 Rg8 26. Re2 Rxb2 {Hoang,T (2472)-Stetsko,L (2286) Chakvi 2015 1-0 (44)}) ({RR} 12. Bxf6 Qxf6 13. Qxf6 gxf6 14. Rxd6 Rfd8 15. Rxd8+ Rxd8 16. Ne2 Na5 17. Nc3 Nb3 18. Be2 Rd2 19. Na4 Bc6 20. Nxc5 Rxb2 21. Nxb3 Rxb3 22. Kd2 Rxa3 23. Rb1 Kf8 24. h4 Ke7 25. h5 h6 26. g4 Kd6 {L'Ami,A (2353)-Khurtsidze,N (2437) Astana 2013 0-1 (59)}) 12... Nd4 13. Nf2 h6 14. Be3 e5 15. Bd3 a5 16. b3 Bc6 17. O-O Qb6 18. Rb1 Rfb8 19. Bxd4 cxd4 20. Qd2 Bd7 21. g3 Ra7 22. Rfc1 Be6 23. f4 exf4 24. gxf4 Re8 25. Re1 Bc8 26. Bf1 Rae7 27. Rbd1 Qxb3 28. Qxd4 Qxa3 29. Qxd6 Qxd6 30. Rxd6 Nh5 31. Nd3 Kf8 32. Bg2 g5 33. fxg5 hxg5 34. Rd5 Nf6 35. Rxg5 Nxe4 36. Rxa5 f5 37. Nf4 Rc7 38. Nd5 Rg7 39. h3 Bb7 40. Nf4 Nd6 41. Rxe8+ Kxe8 42. Ra7 Rf7 43. Bxb7 Rxb7 44. Rxb7 Nxb7 45. Nd3 Na5 46. c5 Nc6 47. Kf2 Kf7 48. Ke3 Kg6 49. Kf4 Kf6 50. h4 Nd4 51. Ke3 Nc2+ 52. Kd2 Nd4 53. Kc3 Ne6 54. c6 Ke7 55. h5 Kd6 56. Nb4 f4 57. h6 Ng5 58. Kd4 f3 59. Ke3 Kc7 60. Kf2 Kd6 61. Kg3 Kc7 62. Kh2 1/2-1/2